000 00544nam a22001577a 4500
999 _c55197
_d55197
008 200114b ||||| |||| 00| 0 eng d
020 _a0826416209
050 _aBR115 .G59
_b.P48 2004
100 _a Peters, Rebecca Todd.
245 _aIn search of the good life :
_bThe ethics of globalization /
_cRebecca Todd Peters.
260 _aNew York :
_bContinuum,
_c2004.
300 _axi, 228 p. ;
_c24 cm.
500 _aIncludes bibliographical references (p. 211-221) and index.
650 _aGlobalization
_xChristianity.
942 _2lcc
_cBK